Kahramanın yolculuğu (Record no. 10223)

MARC details
000 -BAŞLIK
Sabit Uzunlukta Kontrol Alanı 01036na a2200325 4500
001 - KONTROL NUMARASI
Denetim Alanı 12894
003 - KONTROL NUMARASI IDENTIFIER
Denetim Alanı MIRAKIL
005 - SON İŞLEM TARİHİ VE ZAMANI
Denetim Alanı 20181213155311.0
008 - SABİT-BOY VERİ ELEMANLARI - GENEL BİLGİLER
Sabit Uzunlukta Kontrol Alanı 160816b tu 000 0
020 ## - ULUSLARARASI STANDART KİTAP NUMARASI
Uluslararası Standart Kitap Numarası 9786053993605
035 ## - SİSTEM KONTROL NUMARASI
Sistem Kontrol Numarası 12894
040 ## - KATALOGLAMA KAYNAK
Orijinal Kataloglama Ajansı Milas
Kataloglama Dili tur
Metne Dönüştürmek Ajansı TR-AnCHP
082 ## - DEWEY ONLU SINIFLANDIRMA NUMARASI
Sınıflandırma Numarası 791.437
Ürün Numarası Y91k 2014
090 ## - SINIFLAMA NUMARASI
Sınıflama Numarası 791.437 Y91k 2014
100 ## - ANA GİRİŞ - KİŞİSEL İSİM
Kişisel Ad Yücel, Volkan
245 ## - BAŞLIK TABLOSU
Başlık Kahramanın yolculuğu
Başlığın Kalan Mitik erkeklik ve suç draması
Sorumluluk Tablosu, Vb Volkan Yücel ; yayına hazırlayan Cem Tüzün
246 ## - UNVAN FORM VARYING
Başlık Doğru / Kısa Başlığı Mitik erkeklik ve suç draması
260 ## - YAYIN, DAĞITIM, VB
Yayın, Dağıtım, Vb Yeri İstanbul
Yayıncı, Dağıtıcı, Vs Adı İstanbul Bilgi Üniversitesi Yayınları
Yayın, Dağıtım, Vb Tarihi 2014
300 ## - FİZİKSEL TANIM
Kapsam xvi, 464 s.
Diğer Fiziksel Ayrıntıları res.
Boyutlar 23 sm.
490 ## - SERİSİ TABLOSU
Seri Beyanı Sosyoloji
Hacim / Ardışık Tanımı 19
490 ## - SERİSİ TABLOSU
Seri Beyanı İstanbul Bilgi Üniversitesi yayınları
Hacim / Ardışık Tanımı 489
504 ## - KAYNAKÇA VB NOT
Kaynakça Vb Notu Kaynakça ve dizin var.
650 ## - KONU KATMA GİRİŞ - TOPİKAL DÖNEM
Topikal Süreli Veya Coğrafi Ad Giriş Elemanı Mitos, Sinemada
650 ## - KONU KATMA GİRİŞ - TOPİKAL DÖNEM
Topikal Süreli Veya Coğrafi Ad Giriş Elemanı Erkeklik
Aktif Tarihleri 20. - 21. yüzyıl
Coğrafi Alt Bölümü Türkiye
650 ## - KONU KATMA GİRİŞ - TOPİKAL DÖNEM
Topikal Süreli Veya Coğrafi Ad Giriş Elemanı Erkekler, Filmlerde
650 ## - KONU KATMA GİRİŞ - TOPİKAL DÖNEM
Topikal Süreli Veya Coğrafi Ad Giriş Elemanı Cinsiyet rolü
Genel Alt Bölümü Sinema
650 ## - KONU KATMA GİRİŞ - TOPİKAL DÖNEM
Topikal Süreli Veya Coğrafi Ad Giriş Elemanı Kültür, Filmlerde
700 ## - KATMA GİRİŞ - KİŞİSEL İSİM
Kişisel Ad Tüzün, Cem
942 ## - EKLENDİ GİRİŞ ELEMANLARI (KOHA)
Sınıflandırma Veya Raf Düzeni Kaynak Dewey Decimal Classification
Koha Öğesi Türü Books
999 ## - SİSTEM KONTROL NUMARALARI (KOHA)
Koha Biblionumber 10223
Koha Biblioitemnumber 10223
Holdings
Kalıcı Konum Mevcut Konum Edinme Tarihi Edinim Kaynak Toplam Check-Out'Lar Tam Çağrı Numarası Barkod Tarih Son Görülme İtibaren Geçerli Fiyatlar Koha Öğesi Türü
CHP Kütüphanesi CHP Kütüphanesi 08/03/2016 Bağış   791.437 Y91k 2014 000252 08/03/2016 08/03/2016 Books